Christianity encountering world religions : (Record no. 939)

MARC details
000 -LEADER
fixed length control field 01195cam a22002894a 4500
001 - CONTROL NUMBER
control field 15535019
003 - CONTROL NUMBER IDENTIFIER
control field GBCCL
005 - DATE AND TIME OF LATEST TRANSACTION
control field 20241126110349.0
008 - FIXED-LENGTH DATA ELEMENTS--GENERAL INFORMATION
fixed length control field 081125s2009 miua b 001 0 eng
010 ## -
-- 2008051072
020 ## - INTERNATIONAL STANDARD BOOK NUMBER
International Standard Book Number 9780801026607 (pbk.)
040 ## - CATALOGING SOURCE
Original cataloging agency DLC
Transcribing agency DLC
Modifying agency DLC
050 00 -
-- BV2063
-- .M73 2009
082 00 - DEWEY DECIMAL CLASSIFICATION NUMBER
Classification number 266.001
Edition information 22
Item number MUC
100 1# - MAIN ENTRY--PERSONAL NAME
Personal name Muck, Terry C.,
Dates associated with a name 1947-
9 (RLIN) 1505
245 10 - TITLE STATEMENT
Title Christianity encountering world religions :
Remainder of title the practice of mission in the twenty-first century /
Statement of responsibility, etc. Terry Muck, Frances Adeney.
260 ## - PUBLICATION, DISTRIBUTION, ETC.
Place of publication, distribution, etc. Grand Rapids, Mich. :
Name of publisher, distributor, etc. Baker Academic,
Date of publication, distribution, etc. c2009.
300 ## - PHYSICAL DESCRIPTION
Extent 407 p. :
Other physical details ill. ;
Dimensions 23 cm.
490 0# - SERIES STATEMENT
Series statement Encountering mission
504 ## - BIBLIOGRAPHY, ETC. NOTE
Bibliography, etc. note Includes bibliographical references (p.386-396) and index.
650 #0 - SUBJECT ADDED ENTRY--TOPICAL TERM
Topical term or geographic name entry element Missions
General subdivision Theory.
9 (RLIN) 48
650 #0 - SUBJECT ADDED ENTRY--TOPICAL TERM
Topical term or geographic name entry element Christianity and other religions.
9 (RLIN) 12
700 1# - ADDED ENTRY--PERSONAL NAME
Personal name Adeney, Frances S.
9 (RLIN) 1506
906 ## - LOCAL DATA ELEMENT F, LDF (RLIN)
a 7
b cbc
c orignew
d 1
e ecip
f 20
g y-gencatlg
942 ## - ADDED ENTRY ELEMENTS (KOHA)
Source of classification or shelving scheme Dewey Decimal Classification
Koha item type Books
Koha issues (borrowed), all copies 8
Holdings
Withdrawn status Lost status Source of classification or shelving scheme Damaged status Not for loan Home library Current Library Shelving location Date acquired Total checkouts Total renewals Full call number Barcode Date last seen Date last checked out Copy number Price effective from Koha item type
    Dewey Decimal Classification     GRACE BIBLE COLLEGE GRACE BIBLE COLLEGE Ministry & Mission 2017-03-30 10 1 266.001 MUC 014244 2025-05-01 2025-02-27 c.1 2017-03-30 Books
© Grace Bible College Library 2025